000 01301pam a2200265 a 4500
001 2016
003 Uk
005 20231027160946.0
020 _a9781405228152 (pbk.) :
_c£4.99
040 _aStDuBDS
_beng
_cStDuBDS
_dUk
050 _aPZ7.S793246
082 0 4 _a823.92
_222
100 1 _aStanton, Andy.
245 1 0 _aMr Gum and the biscuit billionaire /
_cwritten by Andy Stanton ; illustrated by David Tazzyman.
260 _aLondon :
_bEgmont,
_c2007.
300 _a168 pages :
_billustrations ;
_c19 cm
500 _aFormerly CIP.
_5Uk
505 _aO
520 _aMr Gum is back in this second hilarious book and he's as nasty as ever Mr Gum is horrid--in fact, absolutely grimsters. But this book's not just about him, it's also about a gingerbread man named Alan Taylor who has electric muscles! Plus, all our favorite characters are back: the little girl called Polly, the evil butcher called Billy William The Third, and the very wise man, Friday O'Leary. And, who could forget loveable Jake the dog, or the angry fairy who lives in Mr Gum's bathtub and whacks him on the head with a frying-pan? This book will have you crying with laughter!
521 _a820
_bLexile
521 _aO
_bRaz-Plus
655 0 _aChildren's stories.
700 1 _aTazzyman, David.
942 _2ddc
_cBK
_n0
999 _c2016
_d2016